Angkara kerbau

Bibliographic Details
Main Author: Amril Shah
Format: Book
Published: Selangor : Impiana Publications & Distributors , 2006
Series:Siri kesusasteraan tempatan
Subjects:

MARC

LEADER 00000cam a2200000 7i4500
001 0000000858
005 20151222.0
008 070703
020 |a 9833298192(set) 
020 |a 9833298214 
090 0 0 |a JF   |b MAL 
100 0 |a Amril Shah 
245 1 0 |a Angkara kerbau   |c Amril Shah 
260 |a Selangor :   |b Impiana Publications & Distributors ,   |c 2006 
440 |a Siri kesusasteraan tempatan 
500 |a Children ages 10-12 years old (pink) 
650 0 |a Malay fiction 
999 |a 0000912791   |b Book   |c Teenagers   |e Cawangan Bandar Tenggara 
999 |a 0000912792   |b Book   |c Teenagers   |e Cawangan Bandar Tenggara 
999 |a 0000960422   |b Book   |c Children Collection   |e Perbadanan Perpustakaan Awam Johor 
999 |a 0000960423   |b Book   |c Children Collection   |e Perbadanan Perpustakaan Awam Johor 
999 |a 0000960424   |b Book   |c Children Collection   |e Cawangan Batu Pahat 
999 |a 0000960425   |b Book   |c Children Collection   |e Perbadanan Perpustakaan Awam Johor 
999 |a 0000960426   |b Book   |c Children Collection   |e Cawangan Bandar Penawar